New Japan : The mainichi newspapers

Tallennettuna:
Bibliografiset tiedot
Aineistotyyppi: Kirja
Kieli:Undetermined
Julkaistu: Osaka Mainichi Newspapers 1962
Aiheet:
Tagit: Lisää tagi
Ei tageja, Lisää ensimmäinen tagi!
Thư viện lưu trữ: Trung tâm Học liệu Trường Đại học Cần Thơ
LEADER 00436nam a2200169Ia 4500
001 CTU_104702
008 210402s9999 xx 000 0 und d
082 |a 700.952 
082 |b N532/Vol.14 
245 0 |a New Japan : 
245 4 |b The mainichi newspapers 
260 |a Osaka 
260 |b Mainichi Newspapers 
260 |c 1962 
650 |a Art, Japanese 
904 |i Năm 
980 |a Trung tâm Học liệu Trường Đại học Cần Thơ